01402nam a22003251a 4500001001200000003000800012006001900020007001500039008004100054010001700095020004000112040002100152035002000173050002500193082002400218100004000242245013500282250001200417260006100429300004300490504006400533533015200597600003600749650005100785650005300836655002900889710001700918856012600935999001501061ebr10005073CaPaEBRm u cr cn|||||||||020116s2002 txuaf sb s001 0beng  z 2002000645 z1574411462 (hardcover : alk. paper) aCaPaEBRcCaPaEBR a(OCoLC)7073344114aF273.P58bL49 2002eb04a975.7/03/092aB2211 aLewis, Elizabeth Wittenmyer,d1919-10aQueen of the Confederacyh[electronic resource] :bthe innocent deceits of Lucy Holcombe Pickens /cby Elizabeth Wittenmyer Lewis. a1st ed. aDenton, Tex. :bUniversity of North Texas Press,cc2002. axvi, 253 p., [16] p. of plates :bill. aIncludes bibliographical references (p. 235-242) and index. aElectronic reproduction.bPalo Alto, Calif. :cebrary,d2013.nAvailable via World Wide Web.nAccess may be limited to ebrary affiliated libraries.10aPickens, Lucy Petaway Holcombe. 0aGovernors' spouseszSouth CarolinavBiography. 0aWomenzConfederate States of AmericavBiography. 7aElectronic books.2local2 aebrary, Inc.40uhttp://site.ebrary.com/lib/rucke/Doc?id=10005073zAn electronic book accessible through the World Wide Web; click to view c3294d3294